<?xml version="1.0" encoding="UTF-8"?>
<marc:record xmlns:marc="http://www.loc.gov/MARC21/slim">
   <marc:leader>00000nam a2200000 a 4500</marc:leader>
   <marc:datafield ind1="1" ind2=" " tag="100">
      <marc:subfield code="a">Gehm, Franziska</marc:subfield>
      <marc:subfield code="4">aut</marc:subfield>
      <marc:subfield code="e">Verfasser/-in</marc:subfield>
   </marc:datafield>
   <marc:datafield ind1="0" ind2="0" tag="245">
      <marc:subfield code="a">Ein Date mit Bissverständnis</marc:subfield>
   </marc:datafield>
   <marc:datafield ind1="0" ind2="0" tag="245">
      <marc:subfield code="b">Ein Date mit Bissverständnis</marc:subfield>
   </marc:datafield>
   <marc:datafield ind1="0" ind2="0" tag="245">
      <marc:subfield code="c">Gehm, Franziska</marc:subfield>
   </marc:datafield>
   <marc:datafield ind1=" " ind2="1" tag="264">
      <marc:subfield code="a">Bindlach</marc:subfield>
      <marc:subfield code="b">Loewe</marc:subfield>
      <marc:subfield code="c">2013</marc:subfield>
   </marc:datafield>
   <marc:datafield ind1="1" ind2=" " tag="490">
      <marc:subfield code="a">Die Vampirschwestern</marc:subfield>
      <marc:subfield code="v">10</marc:subfield>
   </marc:datafield>
   <marc:datafield ind1=" " ind2=" " tag="250">
      <marc:subfield code="a">1. Aufl.</marc:subfield>
   </marc:datafield>
   <marc:datafield ind1="1" ind2=" " tag="520">
      <marc:subfield code="a">Zensatoi futzi! Daka und Silvania sind völlig aus dem Häuschen: Krypton Krax, ihre muffig-gruftige Lieblingsband aus Transsilvanien, gibt ein Konzert in Bindburg!&#xD;
Auch Helene, die beste Freundin der Vampirschwestern, ist begeistert: Endlich wird sie ihren Schwarm Murdo, den unwiderstehlich modrigen Sänger der Band, wiedersehen! Doch dann entpuppt sich das Konzert als ein echtes Bissvergnügen.&#xD;
&#xD;
Franziska Gehms lustige Reihe für Mädchen ab 10 Jahren begleitet die halb-vampirischen Teenie-Schwestern Daka und Silvania durch ihren Alltag mit Eltern und Schule, aber auch durch Abenteuer mit bissigen Fledermäusen und der ersten Liebe. Unterstützt werden die paranormalen Heldinnen von Helene, deren Freundschaft allen Unterschieden, Hindernissen und Gefahren trotzt.&#xD;
&#xD;
Mehr Infos rund um die Vampirschwestern unter:&#xD;
www.vampirschwestern.de</marc:subfield>
   </marc:datafield>
   <marc:datafield ind1=" " ind2=" " tag="020">
      <marc:subfield code="a">9783785576823</marc:subfield>
      <marc:subfield code="9">9783785576823</marc:subfield>
   </marc:datafield>
   <marc:datafield ind1=" " ind2=" " tag="020">
      <marc:subfield code="a">378557682X</marc:subfield>
      <marc:subfield code="9">378557682X</marc:subfield>
   </marc:datafield>
   <marc:datafield ind1=" " ind2=" " tag="041">
      <marc:subfield code="a">ger</marc:subfield>
   </marc:datafield>
   <marc:datafield ind1=" " ind2=" " tag="300">
      <marc:subfield code="b">Ill.</marc:subfield>
   </marc:datafield>
   <marc:datafield ind1="0" ind2=" " tag="490">
      <marc:subfield code="v">10</marc:subfield>
   </marc:datafield>
   <marc:datafield ind1=" " ind2=" " tag="338">
      <marc:subfield code="a">Band</marc:subfield>
   </marc:datafield>
   <marc:datafield ind1=" " ind2=" " tag="300">
      <marc:subfield code="a">196 S.</marc:subfield>
   </marc:datafield>
</marc:record>
